Vista normal
Vista MARC
Entrada Materia (corporativa)
Número de registros utilizados en: 6
001 - CONTROL NUMBER
- control field: 55466
003 - CONTROL NUMBER IDENTIFIER
- control field: Co-BoUCM
005 - DATE AND TIME OF LATEST TRANSACTION
- control field: 20140211143540.0
008 - FIXED-LENGTH DATA ELEMENTS
- fixed length control field: 140211|| aca||aabn | a|a d
040 ## - CATALOGING SOURCE
- Original cataloging agency: Co-BoUCM
- Transcribing agency: Co-BoUCM
110 ## - HEADING--CORPORATE NAME
- Corporate name or jurisdiction name as entry element: Instituto Geográfico Agustín Codazzi. IGAC
670 ## - SOURCE DATA FOUND
- Source citation: Work cat.: (Co-BoUCM)92795: Colombia. Registraduría Nacional del Estado Civil 4063, Atlas electoral de Colombia, 2007